000 00545nam a2200169Ia 4500
003 OSt
005 20201221120306.0
008 190216s9999||||xx |||||||||||||| ||und||
040 _coclc
082 _a039
_bSAH/V
100 _aSahitya Pravarthaka Co operative Society
_97723
245 0 _aVisvavijnanakosham /
_cSahitya Pravarthaka Co operative Society
260 _bSahithya Pravarthaka Sahakarana Sangam,
_c1970.
_aKottayam:
300 _a1000p
650 _aEncyclopaedia
942 _cREF
_2ddc
_h039
_iSAH/V
_k039
_mSAH/V
999 _c35239
_d35239